<The> Impact of Digitalization on the Development of Modern Concepts in Business Logistics
Vplyv digitalizácie na rozvoj moderných logistických koncepcií a ich význam. Vymedzenie pojmov digitálna ekonomika, Index digitálnej ekonomiky a spoločnosti (DESI). Moderné logistické koncepcie, ktoré pod vplyvom digitalizácie predstavujú nevyhnutný zdroj konkurencieschopnosti na trhu.
Gespeichert in:
| 1. Verfasser: | |
|---|---|
| Format: | Buchkapitel |
| Sprache: | Englisch |
| Schlagworte: | |
| Tags: |
Keine Tags, Fügen Sie das erste Tag hinzu!
|
MARC
| LEADER | 00000naa a2200000 4500 | ||
|---|---|---|---|
| 001 | 0249417 | ||
| 005 | 20240502074004.3 | ||
| 041 | 0 | |a eng | |
| 044 | |a SK | ||
| 245 | 1 | 0 | |a <The> Impact of Digitalization on the Development of Modern Concepts in Business Logistics |c Patrik Richnák |
| 520 | |a Vplyv digitalizácie na rozvoj moderných logistických koncepcií a ich význam. Vymedzenie pojmov digitálna ekonomika, Index digitálnej ekonomiky a spoločnosti (DESI). Moderné logistické koncepcie, ktoré pod vplyvom digitalizácie predstavujú nevyhnutný zdroj konkurencieschopnosti na trhu. | ||
| 610 | 2 | 0 | |a digitalizácia |
| 610 | 2 | 0 | |a logistika podniková |
| 610 | 2 | 0 | |a technológie informačné |
| 610 | 2 | 0 | |a technológie komunikačné |
| 610 | 2 | 0 | |a systémy logistické |
| 610 | 2 | 0 | |a priemysel 4.0 |
| 100 | 1 | |a Richnák, Patrik, 1988- | |